000 01080nam a2200301Ia 4500
005 20220317001106.0
008 160825s2008 sp a g 000 0 spa
020 _a9788420744012
100 1 _aDíaz Ortiz, Gloria Cecilia
_d1951-
245 1 0 _aÓyeme con los ojos
_cGloria Cecilia Díaz ; ilustraciones de Chata Lucini
250 _a5a. edición
_b17a. reimpresión
300 _a83 páginas
_bilustraciones en blanco y negro
_c20 cm
_e1 folleto
490 _aSopa de libros
650 1 4 _2LEMB
_aNovela juvenil colombiana
_ySiglo XX
650 1 4 _2LEMB
_aLiteratura juvenil colombiana
_ySiglo XX
650 1 4 _2LEMB
_aSordos en la literatura
650 1 4 _2LEMB
_aNiños en la literatura
650 1 4 _2LEMB
_aFamilias en la literatura
650 1 4 _2LEMB
_aImaginación en la literatura
700 1 _aLucini, Chata
_965638
942 _2loc
_cBKLIT
264 _aMadrid
_bAnaya
_c2008
336 _atexto
_btxt
_2rdacontent
337 _asin mediación
_bn
_2rdamedia
338 _avolumen
_bnc
_2rdacarrier
040 _aCO-BoRNBP
_bspa
_erda
_cCO-BoRNBP
084 _aN DIA1
999 _c5899
_d5899